Normal view
MARC view
- López Rosado, Diego G.,
Entry Nombre Personal
001 - NUMERO DE CONTROL
- campo de control: 34970
003 - IDENTIFICADOR DE NUMERO DE CONTROL
- campo de control: UPN
005 - FECHA Y HORA DE LA ÜLTIMA TRANSACCIÓN
- campo de control: 20240426123656.0
008 - DATOS DE LONGITUD FIJA
- campo de control de longitud fija: 240426na|acannaabn | aaa |d
035 ## - NUMERO DE CONTROL
- Número de control: UPN11000007077
040 ## - FUENTE DE CATALOGACIÓN
- Lenguaje de catalogación: spa
- Agencia de transcripción: MX-MxUPN
- Agencia original de catalogación: MX-MxUPN
100 1# - ENCABEZAMIENTO - NOMBRE PERSONAL
- Nombre personal: López Rosado, Diego G.,
- Fechas asociadas con el nombre: 1918-1989
670 ## - FUENTE EN LA QUE SE LOCALIZARON DATOS
- Cita de la fuente: T
- Uniform Resource Identifier: http://ru.iiec.unam.mx/1897/
670 ## - FUENTE EN LA QUE SE LOCALIZARON DATOS
- Cita de la fuente: LC, 26 abril 2024 :
- Uniform Resource Identifier: https://lccn.loc.gov/n50067220
- Información localizada: (López Rosado, Diego G.)
680 ## - NOTA PUBLICA DE ACCESO PÚBLICO
- Frase explicativa de la referencia: Educador e investigador mexicano
902 ## - CATALOGADOR
- Catalogador: CAA/190314
